Effect of Lossy Links on Wireless Sensor Networks

Bibliographic Details
Main Author: Chaiko, Yelena (Author)
Format: Article
Language:English
ISBN:9788022728560

MARC

LEADER 00000naa a2200000uu 4500
001 vtls011059593
003 SK-MaSNL
005 20260302114328.0
008 210907|2008 xo |||||||||||||||||eng|
015 |a SNBRA 
035 |a (urnnbn)urn:nbn:sk:snk:ar-a0c1j1 
035 |a (uuid)71abf781-4a12-4cf6-ae28-a759941c7211 
035 |a urn:nbn:sk:snk-aav82v 
040 |a SNKBUCL  |b slo  |c SNKBUCL  |e AACR2 
041 0 |a eng 
044 |a xo  |c SK 
100 1 |a Chaiko, Yelena  |4 aut  |9 796214 
245 1 0 |a Effect of Lossy Links on Wireless Sensor Networks  |c Yelena Chaiko 
773 0 |t Proceedings of IWSSIP 2008  |d Bratislava : Slovak University of Technology, 2008  |g S. 531-536  |z 9788022728560 
958 |a OND 
958 |a article12 
958 |a chapter 
999 |c 1259196  |d 1261126